00674nam a2200229 a 4500001001300000003000900013005001700022008004100039020002600080082001500106100002000121245004200141260004100183300000900224500003500233505001000268700002000278902000800298942000700306952011600313999001500429nice12345678IN_TiNIC20260116012301.0050524s1975 leia grp 000 0 eng  a0877844852 c138.6500a266.2bSTO aStott, John R W aChristian Mission in the Modern World aLeicesterbInter Varsity Pressc1975 a128p aincludes index and biblioraphy2 aIndex1 aStott, John R W bSRS cBK 001040708StackRoom-aHMIbHMId2005-05-24g138.65l0o266.2 STOp014368r2005-05-24v138.65w2005-05-24yBK c6386d6386